Los derechos mn̕imos del socio

Bibliographic Details
Main Author: Da̕z Echegaray, Jos ̌Luis
Format: Book
Language:Spanish
Published: Barcelona : Experiencia, 2005.
Subjects:
Online Access:Acceso restringido

MARC

LEADER 00000cam a2200000 i 4500
005 20120710172946.0
007 cr|||| ||||
008 051216s2005 sp 000 0 spa d
017 |a D.L.B37135-05 
020 |a 8496283267 
035 |a 6520 
040 |a Mpons  |d BUS  |d vLex 
080 |a 347.72.031(460) 
090 |c 3281  |d 3281 
100 1 |a Da̕z Echegaray, Jos ̌Luis. 
245 1 4 |a Los derechos mn̕imos del socio  |h [Recurso electrn̤ico] /  |c autor, Jos ̌Luis Da̕z Echegaray. 
256 |a Servicio en ln̕ea 
260 |a Barcelona :  |b Experiencia,  |c 2005. 
300 |a 1 recurso electrn̤ico 
506 1 |a Contenido solo disponible en los productos indicados  |d vLex Global   |d vLex Global (Academic Edition, excluding Law Schools)   |d vLex Global (U.S. Academic Edition, Law Schools)   |d vLex Global (U.S. Academic Edition, excluding Law Schools)   |d vLex Global (Academic Edition, Law Schools)  
650 0 4 |a Socios capitalistas  |x Derecho  |z Espaą. 
740 0 |a vLex Libros (Servicio en ln̕ea) 
856 4 0 |u http://vlex.com/source/derechos-minimos-socio-6520  |z Acceso restringido 
942 |c BOOK 
999 0 |a Partners